Jeux Olympiques: Aviron - Statistiques

Statistiques générales
  • Ce quiz a été pris 142 fois
  • Le résultat moyen est 29 sur 39
Statistiques - réponses
Réponse % Correct
France
99%
Allemagne
97%
Grande-Bretagne
97%
RDA
97%
Etats-Unis
96%
Italie
94%
Espagne
93%
URSS
93%
Russie
92%
Chine
90%
Australie
88%
Pays-Bas
86%
Nouvelle-Zélande
85%
Canada
82%
Suisse
80%
Belgique
78%
Irlande
78%
Roumanie
78%
Suède
78%
Autriche
75%
Norvège
74%
Finlande
72%
Grèce
72%
Pologne
72%
Croatie
71%
Hongrie
71%
Ukraine
66%
Danemark
65%
Argentine
63%
Yougoslavie
63%
République Tchèque
60%
Tchécoslovaquie
55%
Bulgarie
54%
Estonie
53%
Lituanie
53%
Slovénie
53%
Afrique du Sud
51%
Biélorussie
49%
Uruguay
27%
Aucun quiz correspondant
Distribution des résultats
% des personnes avec chaque résultat
Percentile par nombre de réponses
Votre historique - résultats
Vous n’avez pas pris ce quiz